000
00266nam a22001097a 4500
082
_a
370
100
_a
Das , Soma
_9
80570
245
_a
Recebnt Philosophies of Education in india
260
_a
Delhi
_b
Pratibha book
_c
2018
650
_a
Education
_9
80571
942
_c
BK
999
_c
63896
_d
63896